| 000 | 00772nam a2200217Ia 4500 | ||
|---|---|---|---|
| 003 | GCL | ||
| 008 | 140319s9999 xx 000 0 ara d | ||
| 040 |
_aGCL / _cGCL |
||
| 082 | 0 | 4 |
_aد _b310 _bج ن |
| 100 | 1 | _aالجهاز المركزى للتعبئة العامة | |
| 245 | 1 | 0 |
_aالمواصلات السلكية واللاسلكية / _cالجهاز المركزى للتعبئة العامة |
| 260 |
_a[S.N] : _bالجهاز المركزى للتعبئة العامة والاحصاء ، _c1994 |
||
| 300 | _aمتعدد | ||
| 490 |
_aالدراسات الادارية _v0 |
||
| 650 | 0 | 4 | _aالاحصاء |
| 650 | 0 | 4 | _aالمواصلات |
| 650 | 0 | 4 | _aالاجور |
| 650 | 0 | 4 | _aاصابات العمل |
| 650 | 0 | 4 | _aالنقل العام |
| 942 |
_2ddc _cCF |
||
| 999 |
_c26929 _d26929 |
||